| 000 | 00499nam a22001931a 4500 | ||
|---|---|---|---|
| 001 | 7400 | ||
| 003 | OSt | ||
| 005 | 20260204212129.0 | ||
| 008 | 071117s1990||||mx ||||||b||||||||||spa|| | ||
| 020 | _a9682434637 | ||
| 050 | _a635 A12h | ||
| 100 | _aAraiza Chávez, Javier | ||
| 245 | _aHorticultura doméstica / Javier Araiza Chávez y Alfredo Sánchez López | ||
| 264 | _aMéxico : Trillas | ||
| 300 | _a85 p | ||
| 500 | _aIncluye indice | ||
| 650 | _aHorticultura FamiliarÌ | ||
| 942 |
_2ddc _cBK |
||
| 999 |
_c7400 _d7400 |
||